The notebooks of Leonardo Da Vinci

Na minha lista:
Detalhes bibliográficos
Autor principal: Da Vinci, Leonardo (Author)
Formato: Livro
Idioma:inglês
Publicado em: Nueva York Dover 1970
Colecção:Collections of Fine Art in Dover Books
Assuntos:
Tags: Adicionar Tag
Sem tags, seja o primeiro a adicionar uma tag!

MARC

LEADER 00000nam a2200000 a 4500
001 UCT3896
003 CL-VaPUC
005 20240820120346.0
008 961031e19700000US |||||||||||||||||eng|d
999 |c 253400  |d 253398 
040 |c Pontificia Universidad Católica de Valparaíso 
082 0 4 |a 700.92  |b LEO  |2 21 
100 |a Da Vinci, Leonardo  |e author  |9 860455 
245 1 4 |a The notebooks of Leonardo Da Vinci 
260 |a Nueva York  |b Dover  |c 1970 
300 |a 2 v 
490 0 |a Collections of Fine Art in Dover Books 
583 |a last modification  |c 19961031 00:00:00  |k Rodrigo Vera 
650 0 |a Pintura  |9 265046 
650 0 |a Escultura  |9 265737 
650 0 |a Arquitectura  |9 804558 
650 0 |a Diseño arquitectónico   |9 265271 
650 0 |a Anatomía artística  |9 312615 
650 0 |a Zoología  |9 261613 
650 0 |a Psicología   |9 257863 
650 0 |a Astronomía  |9 260985 
650 0 |a Geografía física   |9 259347 
650 0 |a Topografía   |9 260423 
650 0 |a Música  |9 306269 
650 0 |a Filosofía   |9 223554 
650 0 |a Moral  |9 265913 
650 7 |a CORRESPONDENCIAS  |2 CL-VaPUC  |9 256500 
942 |c BK  |2 ddc 
945 |d 19961031 00:00:00  |a nastorga 
952 |0 0  |1 0  |4 0  |6 700_920000000000000_LEO_1970  |7 0  |8 A  |9 274228  |a BIBARQ  |b BIBARQ  |d 2019-11-19  |h v.1  |i 3244334  |o 700.92 LEO 1970  |p 3244334  |r 2025-01-20  |w 2019-11-19  |y BK  |k ARQ 
952 |0 0  |1 0  |4 0  |6 700_920000000000000_LEO_1970  |7 0  |8 A  |9 274229  |a BIBARQ  |b BIBARQ  |d 2019-11-19  |h v.2  |i 3244342  |o 700.92 LEO 1970  |p 3244342  |r 2025-01-20  |w 2019-11-19  |y BK  |k ARQ